LEADER 01042nam0 2200277 450 001 000029601 005 20131001114208.0 010 $a88-13-24437-1 100 $a20131001d2003----km-y0itay50------ba 101 0 $aita 102 $aIT 105 $ay-------001yy 200 1 $aSotto l'ombrello del web$ele nuove tecnologie dell'informazione e della comunicazione èper lo sviluppo delle imprese$fa cura di Gianpiero Bussoli, Marco Pironti 210 $aPadova$cCedam$dc2003 215 $aVI, 161 p.$d24 cm 300 $aSegue appendice 500 10$aSotto l'ombrello del web$957942 610 1 $aImprese$aInnovazione tecnologica 676 $a658.05$v22$9Gestione generale. Tecniche, procedure, apparecchi, attrezzature, materiali. Elaborazione dei dati. Applicazioni dell'elaboratore 702 1$aBusolin,$bGianpiero 702 1$aPironti,$bMarco 801 0$aIT$bUNIPARTHENOPE$c20131001$gRICA$2UNIMARC 912 $a000029601 951 $a658.05/105$b44702$cNAVA1$d2013 996 $aSotto l'ombrello del web$957942 997 $aUNIPARTHENOPE